000 01851nam2a22002771 4500
001 RU\NLR\INFOCOMM29\5000103520
005 20250617144944.0
035 _a(NLR Aleph) 002724848
090 _a1907282
_c1907282
100 _a20050202d1985 |||y0rusy50 ca
101 0 _arus
102 _aRU
105 _ay ||||000|y
200 1 _aФакторные расчеты в планировании деятельности производственных объединений
_fВ.Т. Лановой
210 _d1985
_aБ. м.
225 1 _a...
_vВып.121
_i...
_v1985, Вып.2
461 0 _1001RU\NLR\INFOCOMM29\5000103102
_12001#$aНормативные и методические материалы$fЦНИИ "Электроника"$vВып.121
_91906097
_a"Электроника", институт (Москва)
_cМ.
_d1971-
_fЦНИИ "Электроника"
_nИзд-во ЦНИИ "Электроника"
_tНормативные и методические материалы
_vВып.121
462 0 _1001RU\NLR\INFOCOMM29\5000103341
_12001#$aНормативные и методические материалы$hСерия 2$iЭкономика и системы управления$fЦНИИ "Электроника"$v1985, Вып.2
_91906855
_a"Электроника", институт (Москва)
_cМ.
_d1971-
_fЦНИИ "Электроника"
_hСерия 2
_iЭкономика и системы управления
_nИзд-во ЦНИИ "Электроника"
_tНормативные и методические материалы. - Нормативные и методические материалы
_v1985, Вып.2
700 1 _aЛановой
_bВ.Т.
_4070
801 1 _aRU
_bInfoComm
_c20050202
801 0 _aRU
_bNLR
_gPSBO
852 _aNLR
_jП10/4740
942 _cISSUE
980 _aNB
980 _aRUSPER